| 000 | 01421nam a2200325 i 4500 | ||
|---|---|---|---|
| 001 | 190412 | ||
| 003 | ES-MaACL | ||
| 005 | 20250511122606.0 | ||
| 008 | 210322s2001 sp a 001 0bspa d | ||
| 020 | _a84-8489-006-6 | ||
| 020 | _a3-89354-492-5 | ||
| 080 | _a821.134.2 Calderón de la Barca, Pedro 1.07 | ||
| 080 | _a929 Calderón de la Barca, Pedro | ||
| 100 | 1 |
_aCotarelo y Mori, Emilio, _d1857-1936 _941168 |
|
| 245 | 1 | 0 |
_aEnsayo sobre la vida y obras de D. Pedro Calderón de la Barca / _cpor Emilio Cotarelo y Mori ; edición facsímil al cuidado de Ignacio Arellano y Juan Manuel Escudero. |
| 260 |
_aMadrid : _bIberoamericana ; _aFrankfurt am Main : _bVervuert, _c2001. |
||
| 300 |
_a376 p. : _bil. ; _c24 cm. |
||
| 490 | 1 |
_aBiblioteca áurea hispánica ; _v12 |
|
| 534 |
_pReprod. de la ed. de: _cMadrid : Tip. de la "Rev. de Arch., Bibl. y Museos", 1924. Parte primera. |
||
| 600 | 1 | 4 |
_aCalderón de la Barca, Pedro, _d1600-1681 _9239594 |
| 650 | 1 | 4 |
_a _9239588 |
| 700 | 1 |
_aArellano, Ignacio. _922580 |
|
| 700 | 1 |
_aEscudero Baztán, Juan M. _9147974 |
|
| 830 | 1 |
_aBiblioteca áurea hispánica ; _v12 _9188819 |
|
| 852 |
_aES-MaACL _jA-14611 _9197589 _bR.152191 _cDEPO1 _dOlim: N-7611 _hDonación: Manuela Estévez _x Encuadernación en cartoné |
||
| 903 |
_9234418 _aEstévez, Manuela _ednr |
||
| 942 |
_2udc _cMONOGRAFIA |
||
| 999 |
_c190412 _d190412 |
||